Physics for scientists and engineers : (Record no. 17055)

MARC details
000 -LEADER
fixed length control field 01053nam a2200313 i 4500
001 - CONTROL NUMBER
control field 015903413
003 - CONTROL NUMBER IDENTIFIER
control field EG-ScBUE
005 - DATE AND TIME OF LATEST TRANSACTION
control field 20250126094602.0
008 - FIXED-LENGTH DATA ELEMENTS--GENERAL INFORMATION
fixed length control field 110927t2013 mau f 000 0 eng d
020 ## - INTERNATIONAL STANDARD BOOK NUMBER
International Standard Book Number 0321753089 (pbk.) :
020 ## - INTERNATIONAL STANDARD BOOK NUMBER
International Standard Book Number 9780321753083 (pbk.) :
040 ## - CATALOGING SOURCE
Original cataloging agency EG-ScBUE
Language of cataloging eng
Description conventions rda
Transcribing agency EG-ScBUE
Modifying agency EG-ScBUE
082 04 - DEWEY DECIMAL CLASSIFICATION NUMBER
Classification number 530
Edition number 23
Item number KNI
100 1# - MAIN ENTRY--PERSONAL NAME
Personal name Knight, Randall Dewey,
Relator term author.
9 (RLIN) 31055
245 10 - TITLE STATEMENT
Title Physics for scientists and engineers :
Remainder of title a strategic approach with modern physics /
Statement of responsibility, etc Randall D. Knight, California Polytechnic State University.
250 ## - EDITION STATEMENT
Edition statement Third edition.
264 #1 - PUBLICATION, DISTRIBUTION, ETC. (IMPRINT)
Place of publication, distribution, etc Boston, Mass. :
Name of publisher, distributor, etc Addison-Wesley,
Date of publication, distribution, etc [2013]
264 #4 - PUBLICATION, DISTRIBUTION, ETC. (IMPRINT)
Date of publication, distribution, etc c2013
300 ## - PHYSICAL DESCRIPTION
Extent 1 volume (various pagings) ;
Dimensions 28 cm
336 ## - CONTENT TYPE
Source rdacontent
Content type term text
Content type code txt
337 ## - MEDIA TYPE
Media type term unmediated
Source rdamedia
Media type code n
338 ## - CARRIER TYPE
Carrier type term volume
Carrier type code nc
Source rdacarrier
500 ## - GENERAL NOTE
General note Student workbook.
650 #7 - SUBJECT ADDED ENTRY--TOPICAL TERM
Topical term or geographic name as entry element Physics.
Source of heading or term BUEsh
9 (RLIN) 31058
650 #7 - SUBJECT ADDED ENTRY--TOPICAL TERM
Topical term or geographic name as entry element Physics
Form subdivision Problems, exercises, etc.
Source of heading or term BUEsh
9 (RLIN) 31057
653 ## - INDEX TERM--UNCONTROLLED
Arrived date list November2012
655 ## - INDEX TERM--GENRE/FORM
Form subdivision Reading book
942 ## - ADDED ENTRY ELEMENTS (KOHA)
Source of classification or shelving scheme Dewey Decimal Classification
Koha item type Book - Borrowing
Holdings
Withdrawn status Lost status Source of classification or shelving scheme Damaged status Not for loan Collection code Home library Current library Shelving location Date acquired Source of acquisition Cost, normal purchase price Serial Enumeration / chronology Total Checkouts Full call number Barcode Date last seen Cost, replacement price Price effective from Koha item type Total Renewals Date checked out
    Dewey Decimal Classification     Baccah Central Library Central Library First floor 03/10/2012 Purchase 281.00 3   530 KNI 000027578 15/07/2025 351.25 03/10/2012 Book - Borrowing    
    Dewey Decimal Classification     Baccah Central Library Central Library First floor 03/10/2012 Purchase 190.00 3 1 530 KNI 000027579 15/07/2025   03/10/2012 Book - Borrowing 1 26/09/2019
    Dewey Decimal Classification     Baccah Central Library Central Library First floor 03/10/2012 Purchase 190.00 3   530 KNI 000027580 15/07/2025   03/10/2012 Book - Borrowing    
    Dewey Decimal Classification     Baccah Central Library Central Library First floor 03/10/2012 Purchase 190.00 3   530 KNI 000027581 15/07/2025   03/10/2012 Book - Borrowing    
    Dewey Decimal Classification     Baccah Central Library Central Library First floor 03/10/2012 Purchase 190.00 3   530 KNI 000027582 15/07/2025   03/10/2012 Book - Borrowing    
    Dewey Decimal Classification     Baccah Central Library Central Library First floor 03/10/2012 Purchase 190.00 3   530 KNI 000027583 15/07/2025   03/10/2012 Book - Borrowing    
    Dewey Decimal Classification     Baccah Central Library Central Library First floor 03/10/2012 Purchase 190.00 3   530 KNI 000027584 15/07/2025   03/10/2012 Book - Borrowing    
    Dewey Decimal Classification     Baccah Central Library Central Library First floor 03/10/2012 Purchase 190.00 3   530 KNI 000027585 15/07/2025   03/10/2012 Book - Borrowing    
    Dewey Decimal Classification     Baccah Central Library Central Library First floor 03/10/2012   190.00 3 2 530 KNI 000027586 15/07/2025   03/10/2012 Book - Borrowing 5 22/05/2017
    Dewey Decimal Classification     Baccah Central Library Central Library First floor 03/10/2012   190.00 3 1 530 KNI 000027587 15/07/2025   03/10/2012 Book - Borrowing 9 22/05/2017